Using Windows NT Workstation 3.51 / (Record no. 12923)

000 -LEADER
fixed length control field 00754cam a2200217 a 4500
020 ## - INTERNATIONAL STANDARD BOOK NUMBER
ISBN 0789706857 (pbk.) :
040 ## - CATALOGING SOURCE
Transcribing agency Ky
082 00 - DEWEY DECIMAL CLASSIFICATION NUMBER
Classification number 005 QUE 1996 A005 Or.
100 1# - MAIN ENTRY--AUTHOR NAME
Personal name Sanna, Paul J.
245 10 - TITLE STATEMENT
Title Using Windows NT Workstation 3.51 /
246 30 - VARYING FORM OF TITLE
Title proper/short title Windows NT Workstation 3.51
246 3# - VARYING FORM OF TITLE
Title proper/short title Using Windows NT Workstation three point five one
250 ## - EDITION STATEMENT
Edition statement Special ed.
260 ## - PUBLICATION, DISTRIBUTION, ETC. (IMPRINT)
Place of publication Indianapolis :
Name of publisher Que,
Year of publication c1996.
300 ## - PHYSICAL DESCRIPTION
Number of Pages xxxiii, 801 p. :
Other physical details ill. ;
Dimensions 23 cm. +
Accompanying material 1 computer laser optical disc (4 3/4 in.)
500 ## - GENERAL NOTE
General note Includes index.
500 ## - GENERAL NOTE
General note "Covers: Version 3.51 for Windows NT (Intel x86, MIPS, Digital Alpha Axp, PowerPC)"--P. [4] of cover.
650 #0 - SUBJECT ADDED ENTRY--TOPICAL TERM
Topical Term Operating systems (Computers)
700 1# - ADDED ENTRY--PERSONAL NAME
Personal name Daily, Sean K.
942 ## - ADDED ENTRY ELEMENTS (KOHA)
Koha item type សៀវភៅភាសាអង់គ្លេស
952 ## - LOCATION AND ITEM INFORMATION (KOHA)
Withdrawn status [LOCAL, KOHA] 0
Holdings
Permanent Location Date acquired Koha item type Lost status Shelving location Barcode Current Location Full call number
Library Block A2017-08-18សៀវភៅភាសាអង់គ្លេស A005A22008Library Block A005 QUE 1996 A005 Or.
មជ្ឈមណ្ឌលឯការនៃសាកលវិទ្យាល័យភូមិន្ទកសិកម្មចំការដូង

Powered by Koha